"E" Cities in the United States - Statistics

General Stats
  • This quiz has been taken 56 times
  • The average score is 6 of 13
Answer Stats
State Population Answer % Correct
Texas 678,815 El Paso
94%
Oregon 176,654 Eugene
88%
Indiana 117,298 Evansville
71%
New Jersey 137,298 Elizabeth
54%
Washington 110,629 Everett
52%
California 176,124 Elk Grove
38%
California 151,038 Escondido
35%
Illinois 114,797 Elgin
31%
California 106,215 El Cajon
25%
California 109,450 El Monte
23%
California 118,786 East Los Angeles
21%
Texas 100,243 Edinburg
21%
Nevada 221,831 Enterprise
21%
No matching quizzes found
Score Distribution
Percent of People with Each Score
Percentile by Number Answered
Your Score History
You have not taken this quiz